Educación, política y proyecto de vida en los jóvenes / (Record no. 154217)

MARC details
000 -LEADER
fixed length control field nam a22 7a 4500
005 - DATE AND TIME OF LATEST TRANSACTION
control field 20200212114647.0
008 - FIXED-LENGTH DATA ELEMENTS--GENERAL INFORMATION
fixed length control field 200212b mx ||||| |||| 00| 0 spa d
020 ## - INTERNATIONAL STANDARD BOOK NUMBER
International Standard Book Number 9786077775539 (Colson)
020 ## - INTERNATIONAL STANDARD BOOK NUMBER
International Standard Book Number 9786078332632 (UAEM)
050 04 - LIBRARY OF CONGRESS CALL NUMBER
Classification number LC191.8.M62
Item number E88 2014
100 1# - MAIN ENTRY--PERSONAL NAME
Personal name Estrada Ruiz, Marcos Jacobo
245 10 - TITLE STATEMENT
Title Educación, política y proyecto de vida en los jóvenes /
Statement of responsibility, etc Marcos Jacobo Estrada Ruiz
260 ## - PUBLICATION, DISTRIBUTION, ETC. (IMPRINT)
Place of publication, distribution, etc Hermosillo, Sonora, México :
Name of publisher, distributor, etc El Colegio de Sonora :
-- Universidad Autónoma del Estado de Morelos,
Date of publication, distribution, etc 2014
300 ## - PHYSICAL DESCRIPTION
Extent 313 páginas ;
Dimensions 22 cm
504 ## - BIBLIOGRAPHY, ETC. NOTE
Bibliography, etc Bibliografía p. 297-313
650 #7 - SUBJECT ADDED ENTRY--TOPICAL TERM
Source of heading or term lemb
Topical term or geographic name as entry element Educación
General subdivision Aspectos sociales
Geographic subdivision Morelos (México)
650 #7 - SUBJECT ADDED ENTRY--TOPICAL TERM
Source of heading or term lemb
Topical term or geographic name as entry element Juventud
General subdivision Conducta de vida
Geographic subdivision Morelos (México)
650 #7 - SUBJECT ADDED ENTRY--TOPICAL TERM
Source of heading or term lemb
Topical term or geographic name as entry element Jóvenes
General subdivision Empleo
Geographic subdivision Morelos (México)
650 #7 - SUBJECT ADDED ENTRY--TOPICAL TERM
Source of heading or term lemb
Topical term or geographic name as entry element Valores sociales
Geographic subdivision Morelos (México)
942 ## - ADDED ENTRY ELEMENTS (KOHA)
Source of classification or shelving scheme Biblioteca del Cogreso de los Estados Unidos
Koha item type Libro
Holdings
Estado de pérdida Fuente de clasificación Estado del daño No para préstamo Ubicación permanente Ubicación actual Apartado o colección Fecha de adquisición Área del conocimiento Clasificación Código de Barras Date last seen Número de copia Costo por reposición Tipo de recurso
  Biblioteca del Cogreso de los Estados Unidos     Biblioteca del Instituto de Investigaciones Históricas Biblioteca del Instituto de Investigaciones Históricas General 12/02/2020 Educación y Humanidades LC191.8.M62 E88 2014 IIH000029724 12/02/2020 C:1 1.00 Libro